[Event "Polugaevsky Mem 2014"]
[Site "Samara RUS"]
[Date "2014.07.04"]
[Round "3.3"]
[White "Sanzhaev, Darsen"]
[Black "Demchenko, Anton"]
[Result "0-1"]
[WhiteTitle "FM"]
[BlackTitle "GM"]
[WhiteElo "2389"]
[BlackElo "2619"]
[WhiteFideId "24120030"]
[BlackFideId "4160258"]
[EventDate "2014.07.02"]

1. d4 Nf6 2. c4 g6 3. Nc3 Bg7 4. e4 O-O 5. Be2 d6 6. Bg5 Na6 7. Qd2 e5 8. d5 Qe8
9. h4 Nc5 10. Qe3 Ng4 11. Qd2 f6 12. Bxg4 Bxg4 13. Be3 b6 14. b4 Nb7 15. a3 Rf7
16. Nge2 c5 17. f3 Bd7 18. g4 f5 19. gxf5 gxf5 20. Bh6 Kh8 21. Rg1 Qe7 22. Bg5
Qf8 23. exf5 Rxf5 24. Ng3 Rxf3 25. Nh5 Bf5 26. Be3 Rxe3+ 27. Qxe3 Bh6 28. Qf2
Bd3 29. Qf6+ Qxf6 30. Nxf6 Rf8 31. Nce4 Bxc4 32. Rd1 Bb5 33. Rb1 Be3 34. Rg4 h5
35. Rg3 Bf4 36. Rg6 Bd3 37. Rd1 Bc2 38. Ra1 Rxf6 39. Rxf6 Bxe4 40. Rf8+ Kg7 41.
Rb8 Bxd5 42. Kf2 Kf6 43. Rd1 Be4 44. Re1 Bd5 45. Rd1 Ke6 46. Rxd5 Kxd5 47. Rxb7
c4 48. Rxa7 Kc6 49. Ke2 d5 50. Ra8 Kc7 51. Ra7+ Kc6 52. Ra8 d4 53. Rc8+ Kb5 54.
Kf3 d3 55. Rc7 Bc1 56. a4+ Kxb4 57. Rc6 c3 0-1

[Event "Polugaevsky Mem 2014"]
[Site "Samara RUS"]
[Date "2014.07.04"]
[Round "3.4"]
[White "Timofeev, Artyom"]
[Black "Kozionov, Kirill"]
[Result "1-0"]
[WhiteTitle "GM"]
[BlackTitle "FM"]
[WhiteElo "2597"]
[BlackElo "2393"]
[WhiteFideId "4140419"]
[BlackFideId "24101729"]
[EventDate "2014.07.02"]

1. d4 Nf6 2. c4 e6 3. Nc3 Bb4 4. e3 O-O 5. Bd3 d5 6. Nf3 c5 7. O-O Nc6 8. a3 Ba5
9. cxd5 exd5 10. dxc5 Bxc3 11. bxc3 Bg4 12. c4 Ne5 13. Bb2 Nxf3+ 14. gxf3 Bh3
15. Re1 Ne4 16. Be5 Qg5+ 17. Bg3 Nxc5 18. cxd5 Rad8 19. Bc4 b5 20. Ba2 h5 21.
Qd4 Qf5 22. Qh4 Nd3 23. Red1 Nb2 24. Rd4 g6 25. e4 Qc8 26. Qf6 Rde8 27. Bd6 Qc3
28. Bb4 1-0

[Event "Polugaevsky Mem 2014"]
[Site "Samara RUS"]
[Date "2014.07.04"]
[Round "3.5"]
[White "Oganian, Miran"]
[Black "Goganov, Aleksey"]
[Result "0-1"]
[WhiteTitle "FM"]
[BlackTitle "GM"]
[WhiteElo "2378"]
[BlackElo "2590"]
[WhiteFideId "4122488"]
[BlackFideId "24109959"]
[EventDate "2014.07.02"]

1. d4 Nf6 2. c4 e6 3. Nf3 Bb4+ 4. Bd2 Qe7 5. g3 Bxd2+ 6. Nbxd2 d6 7. Bg2 O-O 8.
O-O e5 9. e4 c5 10. d5 Bg4 11. h3 Bxf3 12. Qxf3 Nbd7 13. Qe3 g6 14. Rab1 Nh5 15.
a3 f5 16. exf5 gxf5 17. Qh6 Ng7 18. Rbe1 Rf6 19. Qe3 Rg6 20. f4 Nh5 21. fxe5
Nxe5 22. Rxf5 Nxg3 23. Rxe5 Qxe5 24. Qxe5 dxe5 25. Rxe5 Rf8 26. b4 b6 27. Nb3
Nf5 28. bxc5 Nh4 29. Re2 bxc5 30. Nxc5 Rc8 31. Ne6 Nxg2 32. Kh2 Nh4 33. Rf2 Rb8
34. Nf4 Rb2 35. Nxg6 Rxf2+ 36. Kg3 Rg2+ 37. Kxh4 hxg6 0-1

[Event "Polugaevsky Mem 2014"]
[Site "Samara RUS"]
[Date "2014.07.04"]
[Round "3.6"]
[White "Kryakvin, Dmitry"]
[Black "Ziatdinov, Raset"]
[Result "1-0"]
[WhiteTitle "GM"]
[BlackTitle "GM"]
[WhiteElo "2579"]
[BlackElo "2348"]
[WhiteFideId "4153278"]
[BlackFideId "2015323"]
[EventDate "2014.07.02"]

1. e4 e5 2. Nf3 Nc6 3. Nc3 Nf6 4. Be2 d5 5. exd5 Nxd5 6. O-O Nxc3 7. bxc3 e4 8.
Ne1 Bd6 9. f3 Bf5 10. fxe4 Bxe4 11. Bf3 Bxf3 12. Qxf3 O-O 13. d4 Na5 14. Nd3 b6
15. Bf4 Bxf4 16. Nxf4 Qd6 17. Rae1 Rae8 18. Nd5 Qd7 19. Ne3 f6 20. Re2 Re7 21.
Rfe1 Rfe8 22. Nf5 Rxe2 23. Rxe2 Rxe2 24. Qxe2 g6 25. Ng3 Kf7 26. Ne4 Qe6 27. Qf3
Qe7 28. g4 Kg7 29. h4 Nc4 30. Kg2 a5 31. h5 Nd6 32. Ng3 Qf7 33. Qc6 Qc4 34. Qd7+
Nf7 35. Qe7 Qd5+ 36. Ne4 f5 37. h6+ Kxh6 38. Qf8# 1-0

[Event "Polugaevsky Mem 2014"]
[Site "Samara RUS"]
[Date "2014.07.04"]
[Round "3.7"]
[White "Igambergenov, Alibek"]
[Black "Gabrielian, Artur"]
[Result "0-1"]
[WhiteTitle "CM"]
[BlackTitle "GM"]
[WhiteElo "2328"]
[BlackElo "2558"]
[WhiteFideId "13703404"]
[BlackFideId "4131002"]
[EventDate "2014.07.02"]

1. d4 Nf6 2. c4 e6 3. Nf3 c5 4. d5 d6 5. Nc3 exd5 6. cxd5 g6 7. h3 Bg7 8. e4 O-O
9. Bd3 a6 10. a4 Nh5 11. Bg5 Bf6 12. Be3 Nd7 13. Be2 Re8 14. Nd2 Ng7 15. Qc2 Bd4
16. Nd1 f5 17. O-O Nf6 18. Bd3 fxe4 19. Nxe4 Nxe4 20. Bxd4 cxd4 21. Bxe4 Bf5 22.
f3 Rc8 23. Qd3 Qg5 24. Qxd4 Bxh3 25. f4 Qh4 26. gxh3 Qg3+ 27. Bg2 Rc2 28. Nf2
Nf5 29. Qd1 Ree2 30. Ra3 0-1

[Event "Polugaevsky Mem 2014"]
[Site "Samara RUS"]
[Date "2014.07.04"]
[Round "3.8"]
[White "Natacheev, Peter"]
[Black "Zontakh, Andrey"]
[Result "0-1"]
[WhiteTitle "FM"]
[BlackTitle "GM"]
[WhiteElo "2246"]
[BlackElo "2540"]
[WhiteFideId "4191854"]
[BlackFideId "14101130"]
[EventDate "2014.07.02"]

1. e4 c5 2. c3 Nf6 3. e5 Nd5 4. d4 cxd4 5. Qxd4 e6 6. Bc4 Nc6 7. Qe4 d6 8. Nf3
dxe5 9. Nxe5 Nxe5 10. Qxe5 Nb6 11. Bb3 Qd6 12. Qe2 Be7 13. O-O O-O 14. Rd1 Qc7
15. Bc2 Bd7 16. Nd2 Bc6 17. Nf3 Rad8 18. Rxd8 Rxd8 19. Ne5 Be8 20. Qe4 f5 21.
Qe2 Bh5 22. Qxh5 Qxe5 23. Be3 Nd5 24. Bd4 Qd6 25. Re1 Bf6 26. Bxf6 Nxf6 27. Qe2
Kf7 28. g3 g6 29. Qf3 Qb6 30. Bb3 Rd6 31. Qf4 Qc6 32. Qh6 Qf3 33. Re3 Qxf2+ 34.
Kxf2 Ng4+ 35. Ke2 Nxh6 36. Re5 b6 37. Rb5 Ng4 38. h3 Nf6 39. Bc2 Nh5 40. Kf3 Rd2
41. Bb1 Rh2 42. h4 Rh3 43. a4 Rxg3+ 44. Kf2 Rh3 45. a5 bxa5 46. Rxa5 Rh2+ 47.
Kf3 Rxb2 48. Rxa7+ Kf6 49. Ba2 Rc2 50. c4 Rc3+ 51. Ke2 Ng3+ 0-1

[Event "Polugaevsky Mem 2014"]
[Site "Samara RUS"]
[Date "2014.07.04"]
[Round "3.9"]
[White "Mirzanurov, Bulat"]
[Black "Levin, Evgeny A."]
[Result "1/2-1/2"]
[BlackTitle "GM"]
[WhiteElo "2195"]
[BlackElo "2501"]
[WhiteFideId "4184521"]
[BlackFideId "4182596"]
[EventDate "2014.07.02"]

1. d4 Nf6 2. c4 e6 3. Nc3 Bb4 4. e3 b6 5. Ne2 Ne4 6. Qc2 Bb7 7. a3 Bxc3+ 8. Nxc3
Nxc3 9. Qxc3 O-O 10. b4 d6 11. Bb2 Nd7 12. c5 Nf6 13. c6 Bc8 14. Bd3 Nd5 15. Qc2
f5 16. O-O a6 17. g3 b5 18. Rfe1 Nf6 19. f3 Qe7 20. Kg2 Rb8 21. Rac1 Rb6 22. Kg1
Qe8 23. Kg2 Kh8 24. Kg1 Kg8 25. Kg2 Kh8 26. Kg1 Kg8 27. Kg2 1/2-1/2

[Event "Polugaevsky Mem 2014"]
[Site "Samara RUS"]
[Date "2014.07.04"]
[Round "3.10"]
[White "Matjushin, Gennady"]
[Black "Bochkarev, Alexey"]
[Result "1-0"]
[WhiteTitle "GM"]
[BlackTitle "FM"]
[WhiteElo "2462"]
[BlackElo "2302"]
[WhiteFideId "14107910"]
[BlackFideId "34101516"]
[EventDate "2014.07.02"]

1. d4 d5 2. c4 e6 3. Nc3 c6 4. Nf3 f5 5. Bf4 Nf6 6. e3 Bd6 7. Bxd6 Qxd6 8. Bd3
O-O 9. O-O Ne4 10. Qb3 Kh8 11. Ne2 Nd7 12. Nf4 g5 13. Bxe4 gxf4 14. Bc2 fxe3 15.
Qxe3 dxc4 16. Rfe1 Nb6 17. Qh6 Qe7 18. Ne5 Rg8 19. Re3 Nd5 20. Rh3 Bd7 21. Rg3
Rxg3 22. hxg3 Rg8 23. Nxc4 Qg7 24. Qxg7+ Kxg7 25. f3 Kf6 26. Kf2 Be8 27. f4 Bg6
28. Ne5 Rd8 29. Rd1 Bh5 30. Rh1 Bg6 31. Rd1 Bh5 32. Rh1 Bg6 33. Bb3 Nc7 34. Ke3
Nb5 35. Rd1 Bh5 36. Rh1 Bg6 37. Nf3 Rd7 38. Bc4 Nc7 39. Ne5 Rg7 40. g4 fxg4 41.
Nxg4+ Ke7 42. Nh6 Nd5+ 43. Bxd5 cxd5 44. g4 Be4 45. Rc1 Kd8 46. a3 Kd7 47. Rc5
Kd8 48. Rc1 Kd7 49. Rc3 Kd8 50. f5 exf5 51. gxf5 Rg1 52. Kf4 Rh1 53. Kg5 Rxh6
54. Kxh6 Bxf5 55. Kg5 Be4 56. Kf6 Kd7 57. Ke5 Bg2 58. b4 a6 59. a4 b5 60. a5 Be4
61. Rg3 Kc6 62. Rg7 h5 63. Ra7 Bf3 64. Rxa6+ Kc7 65. Rh6 Kb7 1-0

[Event "Polugaevsky Mem 2014"]
[Site "Samara RUS"]
[Date "2014.07.05"]
[Round "4.1"]
[White "Demchenko, Anton"]
[Black "Matjushin, Gennady"]
[Result "1/2-1/2"]
[WhiteTitle "GM"]
[BlackTitle "GM"]
[WhiteElo "2619"]
[BlackElo "2462"]
[WhiteFideId "4160258"]
[BlackFideId "14107910"]
[EventDate "2014.07.02"]

1. e4 g6 2. d4 Bg7 3. Nc3 c6 4. Nf3 d5 5. Bf4 Nf6 6. e5 Nh5 7. Be3 f6 8. Be2 O-O
9. Qd2 Bg4 10. O-O-O fxe5 11. Nxe5 Bxe2 12. Nxe2 Nd7 13. g4 Nhf6 14. f3 Ne8 15.
Nf4 Nc7 16. Nxd7 Qxd7 17. h4 Ne6 18. h5 Nxf4 19. Bxf4 g5 20. Bxg5 Rxf3 21. Rde1
Re8 22. Bh6 e5 23. Bxg7 Qxg7 24. h6 Qf6 25. dxe5 Rxe5 26. Rxe5 Qxe5 27. Re1 Qf4
28. Re8+ Kf7 29. Qxf4+ Rxf4 30. Rh8 Kg6 31. g5 Rf7 32. Rg8+ Kf5 33. Rg7 Ke6 34.
g6 Rf1+ 35. Kd2 hxg6 36. Rxg6+ Kf5 37. h7 Rh1 38. Rg7 b5 39. Rxa7 Ke5 40. Ke2 c5
41. Rb7 d4 42. Kf3 Kd5 43. Kg4 Kc6 44. Rg7 c4 45. Kf4 d3 46. cxd3 cxd3 47. Ke3
Rh3+ 48. Kd2 b4 49. Rf7 Kc5 50. Rb7 Kc4 51. Rd7 Rh2+ 52. Ke1 Rh1+ 53. Kf2 d2 54.
Ke2 d1=Q+ 55. Rxd1 Rxh7 56. Rc1+ Kd4 57. b3 Rh2+ 58. Kf3 Rxa2 59. Rc4+ Kd3 60.
Rxb4 Kc3 61. Rb8 Rb2 62. Ke4 Rxb3 63. Rxb3+ Kxb3 1/2-1/2

[Event "Polugaevsky Mem 2014"]
[Site "Samara RUS"]
[Date "2014.07.05"]
[Round "4.2"]
[White "Gabrielian, Artur"]
[Black "Timofeev, Artyom"]
[Result "1/2-1/2"]
[WhiteTitle "GM"]
[BlackTitle "GM"]
[WhiteElo "2558"]
[BlackElo "2597"]
[WhiteFideId "4131002"]
[BlackFideId "4140419"]
[EventDate "2014.07.02"]

1. e4 c5 2. Nf3 Nc6 3. d4 cxd4 4. Nxd4 Nf6 5. Nc3 e5 6. Ndb5 d6 7. Bg5 a6 8. Na3
b5 9. Bxf6 gxf6 10. Nd5 f5 11. c3 Bg7 12. exf5 Bxf5 13. Nc2 O-O 14. Nce3 Be6 15.
Bd3 f5 16. O-O Kh8 17. a4 b4 18. cxb4 Rb8 19. b5 axb5 20. axb5 Nd4 21. Ra7 Qg5
22. f4 exf4 23. Nxf4 Be5 24. g3 Bb3 25. Qh5 Qxh5 26. Nxh5 Nxb5 27. Re7 Rf7 28.
Nxf5 Nd4 29. Rxf7 Bxf7 30. Nf4 Rxb2 31. Nh6 Be8 32. Rf2 Rb3 33. Be4 Kg7 34. Ng4
Bxf4 35. gxf4 h5 36. Rd2 Nf3+ 37. Bxf3 Rxf3 38. Nf2 Rxf4 39. Rxd6 Bg6 40. Kg2
Be4+ 41. Nxe4 Rxe4 1/2-1/2

[Event "Polugaevsky Mem 2014"]
[Site "Samara RUS"]
[Date "2014.07.05"]
[Round "4.3"]
[White "Goganov, Aleksey"]
[Black "Iljiushenok, Ilia"]
[Result "1/2-1/2"]
[WhiteTitle "GM"]
[WhiteElo "2590"]
[BlackElo "2419"]
[WhiteFideId "24109959"]
[BlackFideId "24105074"]
[EventDate "2014.07.02"]

1. d4 Nf6 2. c4 c5 3. d5 d6 4. Nc3 g6 5. e4 Bg7 6. h3 O-O 7. Nf3 e6 8. Bd3 exd5
9. exd5 Re8+ 10. Be3 Rxe3+ 11. fxe3 Qe7 12. Qd2 Bh6 13. Kf2 Nbd7 14. Rhe1 Ne5
15. Nxe5 Qxe5 16. Kg1 Bd7 17. Qf2 Re8 18. Nd1 Nh5 19. a4 f5 20. Ra3 Bf4 21. Qf3
Bg3 22. Re2 Bh2+ 23. Kh1 Bg3 24. Kg1 Qf6 25. e4 Qd4+ 26. Qe3 Nf4 27. Qxd4 cxd4
28. Rf2 fxe4 29. Bxe4 Rxe4 30. Rxg3 Ne2+ 31. Rxe2 Rxe2 32. Rd3 Bxa4 33. b3 Bxb3
34. Rxb3 Re1+ 35. Kf2 Rxd1 36. Rxb7 Rc1 37. Rxa7 Rxc4 38. Rd7 Rc2+ 39. Kf3 d3
40. Ke3 d2 41. Ke2 1/2-1/2

[Event "Polugaevsky Mem 2014"]
[Site "Samara RUS"]
[Date "2014.07.05"]
[Round "4.4"]
[White "Zontakh, Andrey"]
[Black "Kryakvin, Dmitry"]
[Result "1/2-1/2"]
[WhiteTitle "GM"]
[BlackTitle "GM"]
[WhiteElo "2540"]
[BlackElo "2579"]
[WhiteFideId "14101130"]
[BlackFideId "4153278"]
[EventDate "2014.07.02"]

1. d4 Nf6 2. c4 e6 3. Nf3 Bb4+ 4. Bd2 a5 5. g3 d6 6. Bg2 Nbd7 7. O-O e5 8. Nc3
O-O 9. Qc2 Re8 10. dxe5 dxe5 11. Rad1 c6 12. a3 Bf8 13. Be3 Qe7 14. Ng5 h6 15.
Nge4 Qe6 16. c5 Ng4 17. Bh3 Ndf6 18. Qd3 Nxe4 19. Qxe4 h5 20. Bxg4 Qxg4 21. Qxg4
Bxg4 22. f3 Be6 23. Ne4 Red8 24. Nd6 b6 25. Rd2 a4 26. Rc1 bxc5 27. Bxc5 Rab8
28. Kf2 Rb5 29. Nxb5 Rxd2 30. Nc7 Bb3 31. Bxf8 Kxf8 32. Rxc6 Rxb2 33. Nb5 Ra2
34. Rc7 f6 35. h4 Kg8 36. Ke1 Be6 37. Kf2 e4 38. Ke3 exf3 39. exf3 Bb3 40. Rc5
Bf7 41. Kf4 Rd2 42. Nc3 Rd3 43. Rc8+ Kh7 44. Rc7 Bb3 45. Ke4 Bc2 46. Kf4 Rd4+
47. Ke3 Rd3+ 48. Ke2 Rd8 49. Nd5 Rxd5 50. Rxc2 Rb5 51. Rc4 Rb2+ 52. Kf1 1/2-1/2

[Event "Polugaevsky Mem 2014"]
[Site "Samara RUS"]
[Date "2014.07.05"]
[Round "4.5"]
[White "Smirnov, Alexey"]
[Black "Rozum, Ivan"]
[Result "1/2-1/2"]
[BlackTitle "IM"]
[WhiteElo "2413"]
[BlackElo "2553"]
[WhiteFideId "4168437"]
[BlackFideId "24104272"]
[EventDate "2014.07.02"]

1. d4 Nf6 2. c4 e6 3. Nc3 Bb4 4. Qc2 O-O 5. a3 Bxc3+ 6. Qxc3 b6 7. Bg5 Bb7 8. f3
h6 9. Bh4 d5 10. e3 Nbd7 11. cxd5 Nxd5 12. Bxd8 Nxc3 13. Bh4 Nd5 14. Bf2 c5 15.
e4 Ne7 16. Ne2 Rac8 17. Nc3 cxd4 18. Bxd4 Nc6 19. Be3 Nc5 20. O-O-O Rfd8 21.
Rxd8+ Rxd8 22. Bxc5 bxc5 23. Na4 Na5 24. Kc2 Rc8 25. Bb5 Nc6 26. Kc3 Nd4 27. Bc4
e5 28. b3 Kf8 29. Kb2 Ke7 30. Rc1 f6 31. Bd3 Kd6 32. Ka2 Rc7 33. Nb2 Bc8 34.
Nc4+ Ke7 35. Kb2 Be6 36. Na5 Kd6 37. Ba6 Kd7 38. Rc3 Bf7 39. h4 Ke7 40. Bd3 Kd6
41. Ba6 Ke7 42. Bd3 Kd6 1/2-1/2

[Event "Polugaevsky Mem 2014"]
[Site "Samara RUS"]
[Date "2014.07.05"]
[Round "4.6"]
[White "Khismatullin, Denis"]
[Black "Mirzanurov, Bulat"]
[Result "1-0"]
[WhiteTitle "GM"]
[WhiteElo "2680"]
[BlackElo "2195"]
[WhiteFideId "4142578"]
[BlackFideId "4184521"]
[EventDate "2014.07.02"]

1. c4 Nf6 2. Nf3 g6 3. Nc3 d5 4. cxd5 Nxd5 5. Qb3 Nb6 6. d4 Bg7 7. Bf4 O-O 8. e3
a5 9. Rd1 a4 10. Qa3 c6 11. Be2 Be6 12. O-O Nc4 13. Bxc4 Bxc4 14. Rfe1 Nd7 15.
Qb4 Nb6 16. e4 f5 17. Be5 fxe4 18. Bxg7 Kxg7 19. Ne5 Bd5 20. Nxe4 Bxa2 21. Nc5
Ra7 22. d5 Nxd5 23. Ne6+ Kg8 24. Qh4 Qc8 25. Nxg6 hxg6 26. Qh6 Kf7 27. Qg7+ Ke8
28. Nxf8 b5 29. Nxg6 Qd8 30. Ne5 1-0

[Event "Polugaevsky Mem 2014"]
[Site "Samara RUS"]
[Date "2014.07.05"]
[Round "4.7"]
[White "Duzhakov, Ilya"]
[Black "Predke, Alexandr"]
[Result "1/2-1/2"]
[WhiteTitle "FM"]
[WhiteElo "2384"]
[BlackElo "2513"]
[WhiteFideId "4192516"]
[BlackFideId "24107581"]
[EventDate "2014.07.02"]

1. d4 Nf6 2. Bg5 d5 3. Nc3 Nbd7 4. Nf3 g6 5. h4 c6 6. Qd2 Ne4 7. Nxe4 dxe4 8.
Ng1 Bg7 9. O-O-O Qb6 10. Rh3 h6 11. Bf4 e5 12. dxe5 Nxe5 13. Rb3 Nc4 14. Qe1 Qc5
15. e3 Be6 16. Bxc4 Qxc4 17. Rxb7 O-O 18. Qa5 Qxa2 19. Qxa2 Bxa2 20. Ne2 Be6 21.
Ng3 Bd5 22. Bd6 Rfd8 23. Bc5 a5 24. Ne2 a4 25. Nf4 Rdb8 26. Rxb8+ Rxb8 27. Bd4
Bf8 28. Nxd5 cxd5 29. Bc3 Rb5 30. Rd4 a3 31. bxa3 Bxa3+ 32. Kd2 Be7 33. Ra4 f5
34. Ra6 Kf7 35. h5 gxh5 36. Rxh6 h4 37. Rh7+ Ke6 38. Rh6+ Kf7 39. Rh7+ Ke6 40.
Rh6+ Kf7 41. Rh7+ 1/2-1/2

[Event "Polugaevsky Mem 2014"]
[Site "Samara RUS"]
[Date "2014.07.05"]
[Round "4.8"]
[White "Levin, Evgeny A."]
[Black "Lugovskoy, Maxim"]
[Result "1/2-1/2"]
[WhiteTitle "GM"]
[BlackTitle "IM"]
[WhiteElo "2501"]
[BlackElo "2397"]
[WhiteFideId "4182596"]
[BlackFideId "24126454"]
[EventDate "2014.07.02"]

1. d4 d5 2. c4 e6 3. Nc3 Nf6 4. Bg5 Be7 5. Nf3 h6 6. Bh4 O-O 7. e3 Ne4 8. Bxe7
Qxe7 9. Rc1 c6 10. Be2 Nxc3 11. Rxc3 dxc4 12. Bxc4 Nd7 13. O-O b6 14. Bd3 c5 15.
Be4 Rb8 16. Qa4 Nf6 17. Bc6 cxd4 18. exd4 a5 19. Ne5 Bb7 20. Rfc1 Bxc6 21. Rxc6
Nd5 22. a3 Rbd8 23. g3 Qg5 24. Qc2 Qe7 25. Qe2 Qg5 26. Qc2 Qe7 27. h4 Qf6 28.
Qe4 Qe7 29. R1c4 Nf6 30. Qe3 Nd5 31. Qc1 Qf6 32. Rc8 h5 33. Rxd8 Qxd8 34. Qd1 g6
35. Qa4 Kg7 36. Qc6 Qe7 37. Qa4 Qb7 38. Qc2 Qe7 39. Qa4 Qb7 40. Qc2 Qe7 41. Rc6
Rd8 42. Qd1 1/2-1/2

[Event "Polugaevsky Mem 2014"]
[Site "Samara RUS"]
[Date "2014.07.05"]
[Round "4.9"]
[White "Yuzhakov, Oleg"]
[Black "Mokshanov, Alexey"]
[Result "0-1"]
[WhiteTitle "FM"]
[BlackTitle "FM"]
[WhiteElo "2373"]
[BlackElo "2440"]
[WhiteFideId "24104604"]
[BlackFideId "24121657"]
[EventDate "2014.07.02"]

1. e4 e6 2. d4 d5 3. Nc3 Nf6 4. Bg5 dxe4 5. Nxe4 Nbd7 6. Nf3 h6 7. Nxf6+ Nxf6 8.
Be3 Nd5 9. Bd2 c5 10. Bb5+ Bd7 11. Bxd7+ Qxd7 12. Ne5 Qc7 13. c4 Nb6 14. Bf4
O-O-O 15. Ng6 Qc6 16. d5 Nxd5 17. cxd5 Rxd5 18. Qc2 fxg6 19. Qxg6 Bd6 20. Bxd6
Qxd6 21. O-O Rg5 22. Qe4 Qd5 23. Rfe1 Qxe4 24. Rxe4 Kd7 25. Rae1 Re8 26. f4 Rd5
27. R1e2 g5 28. g3 gxf4 29. Rxf4 e5 30. Rf7+ Re7 31. Rxe7+ Kxe7 32. Kf2 Ke6 33.
Ke3 c4 34. g4 Rd3+ 35. Ke4 b5 36. Rg2 b4 37. h4 Rh3 38. h5 a5 39. a3 b3 40. a4
Rh1 41. Ke3 Rc1 42. g5 hxg5 43. h6 Rh1 0-1

[Event "Polugaevsky Mem 2014"]
[Site "Samara RUS"]
[Date "2014.07.05"]
[Round "4.10"]
[White "Demianjuk, Alexander"]
[Black "Vastrukhin, Oleg"]
[Result "1-0"]
[WhiteElo "2359"]
[BlackElo "2402"]
[WhiteFideId "4134249"]
[BlackFideId "4192770"]
[EventDate "2014.07.02"]

1. d4 Nf6 2. c4 g6 3. Nc3 d5 4. cxd5 Nxd5 5. e4 Nxc3 6. bxc3 Bg7 7. Nf3 c5 8.
Rb1 O-O 9. Be2 cxd4 10. cxd4 Qa5+ 11. Bd2 Qxa2 12. O-O Bg4 13. Be3 Nc6 14. Rxb7
Rfd8 15. d5 e6 16. h3 Bxf3 17. Bxf3 Ne5 18. Bg5 f6 19. Bf4 exd5 20. Bxe5 dxe4
21. Qc1 Rdc8 22. Qf4 fxe5 23. Qxe4 Rab8 24. Rd1 Rd8 25. Rxg7+ Kxg7 26. Qxe5+ Kg8
27. Bd5+ Rxd5 28. Qxb8+ Kf7 29. Qb7+ Ke6 30. Qc6+ Ke5 31. f4+ 1-0

[Event "Polugaevsky Mem 2014"]
[Site "Samara RUS"]
[Date "2014.07.06"]
[Round "5.1"]
[White "Zontakh, Andrey"]
[Black "Khismatullin, Denis"]
[Result "1/2-1/2"]
[WhiteTitle "GM"]
[BlackTitle "GM"]
[WhiteElo "2540"]
[BlackElo "2680"]
[WhiteFideId "14101130"]
[BlackFideId "4142578"]
[EventDate "2014.07.02"]

1. d4 Nf6 2. c4 e6 3. Nf3 d5 4. g3 dxc4 5. Bg2 Nc6 6. Qa4 Bd7 7. Qxc4 Bd6 8. O-O
O-O 9. Nc3 Na5 10. Qd3 Nc6 11. Qc4 Na5 12. Qd3 Nc6 13. Qc4 1/2-1/2

[Event "Polugaevsky Mem 2014"]
[Site "Samara RUS"]
[Date "2014.07.06"]
[Round "5.2"]
[White "Mokshanov, Alexey"]
[Black "Demchenko, Anton"]
[Result "1/2-1/2"]
[WhiteTitle "FM"]
[BlackTitle "GM"]
[WhiteElo "2440"]
[BlackElo "2619"]
[WhiteFideId "24121657"]
[BlackFideId "4160258"]
[EventDate "2014.07.02"]

1. e4 g6 2. d4 d6 3. Nc3 Bg7 4. f4 a6 5. Nf3 b5 6. Be3 Bb7 7. Bd3 Nd7 8. O-O b4
9. Ne2 Ngf6 10. e5 Nd5 11. Bd2 e6 12. Qe1 a5 13. c4 bxc3 14. bxc3 O-O 15. Ng3
Ba6 16. Bxa6 Rxa6 17. Qe2 Qc8 18. c4 Ne7 19. Ne4 d5 20. cxd5 Nxd5 21. Rfc1 Qa8
22. Nc3 N7b6 23. Nb5 a4 24. Rxc7 Rc8 25. Rxc8+ Nxc8 26. Rc1 Rc6 27. Rxc6 Qxc6
28. Na3 Ncb6 29. Qb5 Qc8 30. Qc5 Qa6 31. Qb5 Qc8 32. Qc5 Qa6 33. Qb5 Qc8 34. Qc5 1/2-1/2

[Event "Polugaevsky Mem 2014"]
[Site "Samara RUS"]
[Date "2014.07.06"]
[Round "5.3"]
[White "Timofeev, Artyom"]
[Black "Smirnov, Alexey"]
[Result "0-1"]
[WhiteTitle "GM"]
[WhiteElo "2597"]
[BlackElo "2413"]
[WhiteFideId "4140419"]
[BlackFideId "4168437"]
[EventDate "2014.07.02"]

1. e4 c5 2. Nf3 d6 3. d4 cxd4 4. Nxd4 Nf6 5. Nc3 a6 6. h3 e5 7. Nf3 Be7 8. g4
O-O 9. g5 Ne8 10. Be3 Nc7 11. Qd2 Nd7 12. h4 b5 13. Bh3 b4 14. Ne2 a5 15. Ng3
Bb7 16. Bxd7 Qxd7 17. Nxe5 Qe6 18. Nf3 Nb5 19. Qd3 Bc6 20. Nd4 Nxd4 21. Bxd4 f5
22. gxf6 Bxf6 23. Bxf6 Rxf6 24. Qb3 d5 25. O-O-O a4 26. Qxb4 dxe4 27. Kb1 a3 28.
Rhe1 axb2 29. Qb3 Qxb3 30. axb3 e3 31. fxe3 Bf3 32. Kxb2 Bxd1 33. Rxd1 Rf3 34.
Ne4 Rxe3 35. Rd4 Re8 36. Nc5 h5 37. b4 Rg3 38. Rd5 Rg4 39. b5 Rb4+ 40. Kc3 Rxb5
41. Kc4 Rb1 42. Rxh5 Rh1 43. Kd5 Rd8+ 44. Ke5 g6 45. Rg5 Re1+ 46. Kf4 Rf8+ 47.
Kg4 Rg1+ 48. Kh3 Rxg5 49. hxg5 Rf5 50. Ne4 Re5 51. Nf6+ Kf7 52. Kg4 Rc5 53. Kf4
Ke6 54. Ng4 Rc4+ 55. Kf3 Rxc2 56. Nh6 Ke5 57. Ng4+ Ke6 58. Nh6 Ra2 59. Kf4 Ra4+
60. Kf3 Ke5 61. Kg3 Ke4 62. Kg4 Ra1 0-1

[Event "Polugaevsky Mem 2014"]
[Site "Samara RUS"]
[Date "2014.07.06"]
[Round "5.4"]
[White "Matjushin, Gennady"]
[Black "Goganov, Aleksey"]
[Result "1/2-1/2"]
[WhiteTitle "GM"]
[BlackTitle "GM"]
[WhiteElo "2462"]
[BlackElo "2590"]
[WhiteFideId "14107910"]
[BlackFideId "24109959"]
[EventDate "2014.07.02"]

1. Nf3 Nf6 2. c4 g6 3. Nc3 Bg7 4. e4 d6 5. d4 O-O 6. Be2 e5 7. dxe5 dxe5 8. Qxd8
Rxd8 9. Nd5 Nxd5 10. cxd5 c6 11. Bg5 f6 12. dxc6 Nxc6 13. Bc4+ Kh8 14. Be3 Bd7
15. O-O Na5 16. Bd5 Bc6 17. Bxc6 Nxc6 18. Rfc1 Rd7 19. Rc4 Rad8 20. g4 Rd1+ 21.
Rxd1 Rxd1+ 22. Kg2 Bf8 23. g5 Kg7 24. gxf6+ Kxf6 25. Ng5 Rd7 26. Nf3 Be7 27. Rc1
Ke6 28. Kf1 Bd8 29. Ke2 Bb6 30. Bxb6 axb6 31. Rc4 h6 32. h4 Kf6 33. b4 Nd8 34.
Rc8 Ne6 35. Re8 b5 36. Ke3 Rc7 37. Kd2 Rc4 38. Rb8 Rxe4 39. a3 Rf4 40. Ke3 Rc4
41. Rxb7 Nc7 42. Kd2 Kf5 43. Ne1 Ke4 44. Nd3 Rd4 45. Rxc7 Rxd3+ 46. Ke2 Rxa3 47.
Rc6 Ra2+ 48. Kf1 Kf5 49. Rb6 Rd2 50. Rxb5 Rd4 1/2-1/2